000 01225naa a22003137a 4500
001 BR8101168
003 BR-BrBNA
005 20250716170958.0
007 ta
008 250630b bl.|||m| |||| 00| 0 por d
040 _aBR-BrBNA
_bpor
_cBiblioteca Nacional de Agricultura
041 _a(Pt)
072 _aF00
_b0170
_bG514
090 _aF00 BR8101168
100 1 _aBrasil, G.A.
100 1 _aBouty, F. de A.C.
245 1 _aTeste de sistemas de producao da cultura do sorgo granifero [Sorghum bicolor; Ceara; Brasil]
246 1 _a[Production systems trial for grain sorghum [Sorghum bicolor; Ceara; Brazil]]
246 1 _a[Yearly research report - 1979. Phytotechny]
500 _aRelatorio anual de pesquisa - 1979. Fitotecnia Fortaleza, CE (Brasil): 1980. p. 90-101 [6 ref.; Summary (Pt)] (BR8101168-AMS)
773 0 _tRelatorio anual de pesquisa - 1979. Fitotecnia
_wF00 BR8101168
_gFortaleza, CE (Brasil), 1980. p. 90-101
650 _aProducao vegetal
650 _aSorgo granifero
650 _aSistema de producao
650 _aCeara
490 _aRelatorio Anual de Pesquisa - Empresa de Pesquisa Agropecuaria do Ceara (Brazil)
942 _cAMS
_2AGRIS
909 _a202506
_bLúcia
_c55
_dLúcia Elande
999 _c333665
_d333665